000
00318nam a22001337a 4500
003
SGT
020
_a
97815-43344-59-2
100
_a
USMAN, RAGEEB
245
_a
A TEXT BOOK OF MEDICAL PLANT BIOTECHNOLOGY
260
_a
S, VIKASH
_b
PUNJAB
_c
2021
650
_a
BIOTECHNOLOGY
653
_a
MEDICAL PLANT
942
_2
ddc
_c
BK
999
_c
24737
_d
24737